000 00968nam a2200277 a 4500
001 BRCA_5344
005 20190320205036.0
008 061210s1944----u--a######---#000-0#eng-#
041 _aeng
044 _au
050 4 _aND665
_b.E47
_c1944
100 1 _aElst, Joseph Julien M. Ignace van der
_913703
245 1 0 _aThe last flowering of the middle ages
_cby Joseph van der Elst.
260 _aEstado Unidos
_bDoubleday Doran
_c1945
300 _a127 p.
_bil., (algunas a color) 107 láminas
_c31 cm.
500 _aIncluye índice de ilustraciones
500 _aFecha de publicación en números romanos MCMXLV
500 _aE109
504 _aBibliografía: p. [128]
505 0 _aPart I The times and the men who made them.-- Part II The flemish masters.-- Part III The flamish style
650 1 4 _aPintores flamencos
_97571
650 1 4 _aPinturas flamencas
_913625
651 4 _aFlandes
_xVida social y costumbres
_913704
902 _aGFM
942 _2lcc
_cB
999 _c5038
_d5038